000 00570cam a22001937a 4500
001 002169
003 armpunfd
005 20140612090701.0
008 081022e0####xx#a##########000#0#und#d
040 _aarmpunfd
_carmpunfd
080 _a343.13 F 182
100 1 0 _a Falcone, Roberto Atilio
245 1 0 _aEl nuevo proceso penal en la provincia de buenos aires
260 _a Uenos Aires : Ad- Hoc
_b2000. Isbn : 950-894-225-8. 351 P.
650 7 _a Proceso Penal
_2LEMB
700 1 0 _aMadina, Augusto Marcelo
942 _cLB
_2cdu
945 _aCatalis
_d2010-08-19
999 _c2159
_d232663